Μελένικο Δεμίρ - Ισσάρ και Σέρρας : τρεις πολιτείες τρεις αδελφές /

Bibliographic Details
Main Author: Κεσίση, Μαρία Ι.
Other Authors: Τζανακάρης, Βασίλης Ι. 1944- (επιμελητής.)
Format: Book
Language:Greek
Published: Σέρρας : Γιατί, 1991.
Subjects:
LEADER 01680nam a2200217 i 4500
003 GR-PaULI
005 20240516105114.0
008 230912s1991 gr g ||| 000 0 gre d
040 |a GR-PaULI  |b gre  |c GR-PaULI  |e AACR2 
082 0 4 |2 23  |a 949.565 
100 1 |9 188293  |a Κεσίση, Μαρία Ι.  
245 1 0 |a Μελένικο Δεμίρ - Ισσάρ και Σέρρας :  |b τρεις πολιτείες τρεις αδελφές /  |c Μαρία Ι. Κεσίση. 
260 |a Σέρρας :  |b Γιατί,  |c 1991. 
300 |a 140 σ. ;  |c 21 εκ. 
500 |a "Το βιβλίο αυτό είναι έκδοση του Σερραϊκού περιοδικού "Γιατί" και τυπώθηκε σε 2.600 αντίτυπα για λογαριασμό της συγγραφέως τον Δεκέμβριο του 1991 στις εγκαταστάσεις του Interprinter (...). Τα κείμενα γράφτηκαν στην φωτοσύνθεση του Αλ. Παπάζογλου και ΣΙΑ Ε.Ε. Αγ. Ελένης και Βοσπόρου και τις διορθώσεις έκανε η φιλόλογος καθηγήτρια Μαρία Καραογλάνη. Την όλη επιμέλεια της έκδοσης είχε ο Βασίλης Τζανακάρης" 
651 0 |9 80343  |a Σέρρες  |x Ιστορία 
700 |a Τζανακάρης, Βασίλης Ι.  |d 1944-   |e επιμελητής.  |9 55986 
942 |2 ddc  |c BK 
952 |0 0  |1 0  |2 ddc  |4 0  |6 949_565000000000000_ΚΕΣ  |7 0  |9 373890  |a LISP  |b LISP  |c DON  |d 2023-09-12  |e ΛΟΓ  |i 261018  |l 0  |o 949.565 ΚΕΣ  |p 025000302599  |r 2023-09-12 00:00:00  |t 1  |w 2023-09-12  |y BK15 
998 |c Σαλαμούρα  |d 2023-09 
999 |c 218075  |d 218075